Word Ladder: Antonym Clues Quiz Stats

Quiz Updated Jun 2, 2016

Challenge
Share
Tweet
Embed
Score 0/12 Timer 02:00
0 Plays Today
Clue for the Antonym (Opposite) 4-Letter Word % Correct
Different*SAME*
99.2%
DieLIVE
94.7%
HateLOVE
94.7%
UnfinishedDONE
92.5%
HawkDOVE
87.8%
ClothedBARE
86.6%
Soft tissueBONE
82.4%
NeglectCARE
82%
InterestBORE
79.3%
Different*LIKE*
70.9%
Let freeCAGE
70.1%
UnwiseSAGE
68.8%

Today's Daily Dose

Missing Word
Actress of Thrones

Word Ladder
Black Phrases

Quick Pick
'B' Beverages

On This Day
February 21st II

You're not logged in!

Compare scores with friends on all Sporcle quizzes.
Sign Up with Email
OR
Log In

You Might Also Like...

Show Comments

Extras

Top Quizzes Today


Score Distribution

Your Account Isn't Verified!

In order to create a playlist on Sporcle, you need to verify the email address you used during registration. Go to your Sporcle Settings to finish the process.